| 000 | 00845nam a22002057a 4500 | ||
|---|---|---|---|
| 999 |
_c4054 _d4054 |
||
| 003 | AR-CdUCM | ||
| 008 | 190307b ||||| |||| 00| 0 spa d | ||
| 040 |
_aMUNICIPALIDAD PROVINCIAL DEL CUSCO _cBIBLIOTECA MUNICIPAL DEL CUSCO |
||
| 082 |
_a987.041 / _bB97 |
||
| 100 |
_aBusaniche , José Luis _912897 |
||
| 245 | _aBolívar visto por sus contemporáneos / | ||
| 260 |
_aMéxico, D.F : _bFondo de Cultura Económica, _c1960. |
||
| 300 |
_a338 paginas ; _c 21 cm. |
||
| 505 | _aBolivar entre muchos testigos, por Mariano Picón Salas -- Bolivar en Angostura, diciembre de 1819 -- En Arequipa, mayo de 1825 -- En la antigua capital de los incas, junio de 1825 -- Gobierno mixto, febrero de 1826... | ||
| 650 |
_aBolívar, Simón _911411 |
||
| 650 |
_aLibertadores _912898 |
||
| 650 |
_aBiografía. _922 |
||
| 942 |
_2ddc _cLIBROS |
||
| 945 | _awnts | ||